Detalles MARC
| 000 -LIDER |
| fixed length control field |
00832nam a22002777a 4500 |
| 003 - IDENTIFICACDOR DE NÚMERO DE CONTROL |
| control field |
DO-SdBNP |
| 005 - DATE AND TIME OF LATEST TRANSACTION |
| control field |
20240417104148.0 |
| 008 - ELEMENTOS DE LONGITUD FIJA |
| fixed length control field |
0607212015 sp spa |
| 017 ## - NÚMERO DE REGISTRO DE DERECHOS DE AUTOR |
| Copyright or legal deposit number |
|
| Assigning agency |
|
| 020 ## - ISBN |
| International Standard Book Number |
9786071621337 |
| 035 ## - NÚMERO LOCAL |
| System control number |
|
| 040 ## - FUENTE DE CATALOGACIÓN |
| Agencia que crea de manera original el registro |
BPMSU |
| Idioma de catalogación |
spa |
| Agencia que realiza la transcripción |
BPMSU |
| Convenciones de la despripción |
|
| 082 #4 - NÚMERO DE CLASIFICACIÓN DECIMAL DE DEWEY |
| Classification number |
813.54 |
| Item number |
A698d 2015 |
| Edition number |
22 |
| 100 1# - ASIENTO PRINCIPAL -- NOMBRE PERSONAL |
| Nombre personal |
Aridjis, Chloe, |
| Fechas asociadas con el nombre |
1971- |
| 245 10 - MENCIÓN DE TITULO |
| Título |
Desgarrado / |
| Mención de responsabilidad |
Chloe Aridjis ; traducción Julio Paredes. |
| Subtítulo |
|
| Medio (Designación general de material) |
|
| 260 ## - PUBLICACIÓN, DISTRIBUCIÓN, ETC. (PIE DE IMPRENTA) |
| Lugar de publicación, distribución, etc |
México, D.F : |
| Nombre del editor, distribuidor, etc. |
Fondo de Cultura Económica, |
| Fecha de publicación, distribución, etc |
2015 |
| Lugar de impresión |
|
| Impresor |
|
| 300 ## - DESCRIPCIÓN FÍSICA |
| Extensión |
189 p. ; |
| Dimensiones |
23 cm. |
| 490 0# - MENCIÓN DE SERIES |
| Mención de serie |
Letras mexicanas |
| 590 ## - NOTA LOCAL |
| Texto de la nota local |
Inventariado, 2024/VM |
| 650 #4 - ENCABEZAMIENTO DE MATERIA--TEMÁTICO |
| Término temático o nombre geográfico como elemento de entrada |
Novela juvenil estadounidense |
| 650 #4 - ENCABEZAMIENTO DE MATERIA--TEMÁTICO |
| Término temático o nombre geográfico como elemento de entrada |
Ciudades y pueblos |
| Subdivisión de forma |
Novela juvenil |
| Fuente del encabezamiento o término |
|
| 650 #4 - ENCABEZAMIENTO DE MATERIA--TEMÁTICO |
| Término temático o nombre geográfico como elemento de entrada |
Vida cotidiana |
| Subdivisión de forma |
Novela |
| 910 ## - VALIDACIÓN |
| Validación |
VMateo V. Control de calidad BPMSU |
| 942 ## - ADDED ENTRY ELEMENTS (KOHA) |
| Source of classification or shelving scheme |
Dewey Decimal Classification |
| Koha item type |
Libros |
| 980 ## - EQUIVALENCE OR CROSS-REFERENCE-SERIES STATEMENT--PERSONAL NAME/TITLE [LOCAL, CANADA] |
| Personal name |
|
| -- |
|
| Numeration |
|
| Attribution qualifier |
|
| Titles and other words associated with a name |
|